LEADER 01037nam0-22003371i-450- 001 990002867160403321 005 20090609185125.0 035 $a000286716 035 $aFED01000286716 035 $a(Aleph)000286716FED01 035 $a000286716 100 $a20030910d1991----km-y0itay50------ba 101 0 $aita 102 $aIT 105 $ay-------001yy 200 1 $a<>invecchiamento della popolazione$eproblemi e modelli matematici di organizzazione sul territorio dei servizi di assistenza agli anziani$fAntonio Golini, Roberta Vivio 210 $aRoma$cIRP$d1991 225 1 $aWorking paper$fIRP$v7/91 610 0 $aDemografia 610 0 $aDemografia sociale 610 0 $aInvecchiamento$aItalia 676 $a304.6 700 1$aGolini,$bAntonio$f<1937- >$0315258 701 1$aVivio,$bRoberta$0272721 801 0$aIT$bUNINA$gRICA$2UNIMARC 901 $aBK 912 $a990002867160403321 952 $aXXIII-E-45$b4139$fMAS 959 $aMAS 996 $aInvecchiamento della popolazione$9415433 997 $aUNINA LEADER 00949nam0-22003251i-450 001 990005681340403321 005 20170710131434.0 035 $a000568134 035 $aFED01000568134 035 $a(Aleph)000568134FED01 035 $a000568134 100 $a19990604d1983----km-y0itay50------ba 101 0 $aita 105 $ay-------001yy 200 1 $a<>religione popolare fra potere e tradizione$fCarlo Prandi 210 $aMilano$cFranco Angeli$dc1983 215 $a233 p.$d22 cm 225 1 $aCollana di sociologia$v71 610 0 $aReligione$aAspetti sociali 676 $a306.609$v21$zita 700 1$aPrandi,$bCarlo$f<1931- >$0118034 801 0$aIT$bUNINA$gRICA$2UNIMARC 901 $aBK 912 $a990005681340403321 952 $a306.609 PRA 2$bBIBL. 59509$fFLFBC 952 $a306.609 PRA 1$b3371$fBFS 959 $aFLFBC 959 $aBFS 996 $aReligione popolare fra potere e tradizione$9510536 997 $aUNINA